000 00442aas a2200133 4500
008 240219b |||||||| |||| 00| 0 eng d
245 _aJournal :
_bInstitute of Muslim minority affairs-Vol. II, no. 2 (Winter 1980) and Vol. III, no. 1 (Summer 1981)
260 _aJeddah :
_bKing Abdulaziz University,
_c1980-1981
300 _b1-245 p.
650 _aMuslims
650 _aNon-Islamic countries
650 _aReligious minorities
942 _cCR
999 _c4764
_d4764